| 000 | 01284nam0a2200337 4500 | ||
|---|---|---|---|
| 001 | RU\NLR\ONL2\6257 | ||
| 005 | 20250613125938.0 | ||
| 035 | _a(NLR Aleph) 009653854 | ||
| 090 |
_a9581645 _c9581645 |
||
| 100 | _a20061101d1985 |||y0rusy50 ca | ||
| 101 | 0 | _alau | |
| 102 | _aRU | ||
| 105 | _aa ||||||||| | ||
| 200 | 1 |
_aЭвенский язык _eучеб. и кн. для чтения для 1 кл. _fВ. И. Цинциус, К. А. Новикова, Х. И. Дуткин |
|
| 205 |
_a6-е изд. _bперераб. |
||
| 210 |
_aЛ. _cПросвещение. Ленингр. отд-ние _d1985 |
||
| 215 |
_a255 с. _cил. _d22 |
||
| 300 | _aЗагл. пер.: Мут төрэнти 1 | ||
| 512 | 1 | _aМут төрэнти 1 | |
| 606 | 0 |
_aЭвенский язык _92115956 _3RU\NLR\auth\661278298 |
|
| 686 | 1 | _aШ165.12-921 | |
| 700 | 1 |
_aЦинциус _bВ. И. _gВера Ивановна _4070 |
|
| 701 | 1 |
_aНовикова _bК. А. _gКлавдия Александровна _4070 |
|
| 701 | 1 |
_aДуткин _bХ. И. _gХристофор Иннокентьевич _4070 |
|
| 801 | 0 |
_aRU _bNLR _c20061101 _gPSBO |
|
| 852 |
_aNLR _bОНЛ _jЭвенск./3-104 |
||
| 852 |
_aNLR _bОНЛ _jЭвенск./3-104 |
||
| 942 | _cBOOK | ||
| 980 | _aNB | ||
| 980 | _aONL_RF | ||